Cálculo de una variable . Trascendentes tempranas (Registro nro. 26455)

Detalles MARC
000 -CABECERA
Longitud fija campo de control 00784nam a2200205 a 4500
003 - • IDENTIFICADOR DELl NÚMERO DE CONTROL
Identificador del número de control CO-ViMGA
008 - • CÓDIGOS DE INFORMACIÓN DE LONGITUD FIJA
Códigos de información de longitud fija 141112s2004 ck r 000 u spa d
020 ## - • NÚMERO INTERNACIONAL NORMALIZADO PARA LIBROS
Número Internacional Normalizado para Libros (ISBN) 970686069X
040 ## - FUENTE DE LA CATALOGACIÓN
Centro catalogador de origen CO-ViMGA
Lengua de catalogación spa
Centro transcriptor CO-ViMGA
082 04 - • NÚMERO DE LA CLASIFICACIÓN DECIMAL DEWEY
Número de clasificación (R) 515 S738c
100 1# - • PUNTO DE ACCESO PRINCIPAL-NOMBRE DE PERSONA
Nombre de persona Stewart, James
245 10 - • TITULO PROPIAMENTE DICHO
Título Cálculo de una variable . Trascendentes tempranas
300 ## - • DESCRIPCIÓN FÍSICA
Extensión 639.p.il
505 ## - • NOTA DE CONTENIDO CON FORMATO
Nota de contenido con formato Funciones y modelos Límites y derivadas Reglas de derivación Aplicaciones de la derivada Integrales Aplicaciones de la integración Tecnicas de integración Otras aplicaciones de la integración Ecuaciones diferenciales Apendice A1 - 105.p.
590 ## - NOTAS LOCALES
Nota local Forma de adquisición : Premio - Mincultura
650 14 - • PUNTO DE ACCESO ADICIONAL DE MATERIA - TÉRMINO DE MATERIA
Término de materia o nombre geográfico como elemento inicial CALCULO
942 ## - ENTRADA DE ELEMENTOS AGREGADOS (KOHA)
Fuente de clasificaión o esquema Dewey Decimal Classification
Koha [por defecto] tipo de item LIbro

No hay ítems disponibles.










Instituto Departamental de Cultura del Meta - Red Departamental de Bibliotecas Públicas del Meta.